[Event "Mitropa Cup (Women) 4th"]
[Site "Szeged"]
[Date "2007.05.09"]
[Round "2"]
[White "Berke, Ana"]
[Black "Borosova, Zuzana"]
[Result "0-1"]
[WhiteElo "2072"]
[BlackElo "2206"]
[PlyCount "110"]
[EventDate "2007.05.08"]
[EventType "team-tourn"]
[EventRounds "9"]
[EventCountry "HUN"]
[Source "ChessBase"]
[SourceDate "2007.07.04"]

1. e4 e5 2. Nf3 Nc6 3. Bb5 a6 4. Ba4 Nf6 5. O-O Be7 6. Qe2 b5 7. Bb3 d6 8. c3
Na5 9. Bc2 c5 10. h3 O-O 11. d4 Qc7 12. b3 Nc6 13. d5 Nd8 14. Bg5 Ne8 15. Be3
g6 16. Nbd2 Ng7 17. Bh6 f6 18. Nh2 Nf7 19. Be3 Nh5 20. g4 Nf4 21. Bxf4 exf4 22.
Nhf3 Qd7 23. Ne1 Kg7 24. Nd3 g5 25. a4 Rb8 26. f3 Bd8 27. axb5 axb5 28. Kg2 Rh8
29. Rh1 h5 30. Qf2 Ne5 31. Nxe5 fxe5 32. Bd3 b4 33. c4 Bb7 34. Ra2 Rh6 35. Raa1
Be7 36. Rhg1 Rbh8 37. Rh1 Bd8 38. Rag1 Kf8 39. Bf1 Qh7 40. Qe2 hxg4 41. Kf2
gxh3 42. Qd1 Bc8 43. Qa1 Qb7 44. Be2 Bd7 45. Nf1 Rh4 46. Nh2 R8h7 47. Ng4 Bc8
48. Rh2 Bxg4 49. Rxg4 Qa7 50. Qxa7 Rxa7 51. Rxh4 gxh4 52. Rxh3 Ra1 53. Rh2 Rb1
54. Rg2 h3 55. Rg4 h2 0-1

[Event "Mitropa Cup (Women) 4th"]
[Site "Szeged"]
[Date "2007.05.09"]
[Round "2"]
[White "Hodova, Lucie"]
[Black "Rozic, Vesna"]
[Result "1/2-1/2"]
[WhiteElo "2074"]
[BlackElo "2246"]
[PlyCount "63"]
[EventDate "2007.05.08"]
[EventType "team-tourn"]
[EventRounds "9"]
[EventCountry "HUN"]
[Source "ChessBase"]
[SourceDate "2007.07.04"]

1. e4 e6 2. d4 d5 3. e5 c5 4. c3 Qb6 5. Nf3 Bd7 6. Be2 cxd4 7. cxd4 Bb5 8. Nc3
Bxe2 9. Nxe2 Ne7 10. O-O Nd7 11. Qd3 h6 12. Bd2 a5 13. Nc3 Nc6 14. Rfc1 Be7 15.
Nb5 a4 16. b3 axb3 17. Qxb3 O-O 18. a4 Qd8 19. Ne1 Nb6 20. Nd3 Nc4 21. Bb4 Bxb4
22. Nxb4 Qb6 23. Qc3 Nxb4 24. Qxb4 Ra5 25. h3 Rfa8 26. Kh2 Qd8 27. Kg1 R5a6 28.
Rcb1 Qd7 29. Nc3 Rb6 30. Nb5 Rba6 31. Nc3 Rb6 32. Nb5 1/2-1/2

[Event "Mitropa Cup (Women) 4th"]
[Site "Szeged"]
[Date "2007.05.09"]
[Round "2"]
[White "Horvath, Julia"]
[Black "Hoolt, Sarah"]
[Result "1-0"]
[WhiteElo "2277"]
[BlackElo "2226"]
[PlyCount "121"]
[EventDate "2007.05.08"]
[EventType "team-tourn"]
[EventRounds "9"]
[EventCountry "HUN"]
[Source "ChessBase"]
[SourceDate "2007.07.04"]

1. f4 c5 2. Nf3 Nc6 3. g3 g6 4. Bg2 Bg7 5. O-O e6 6. e4 d6 7. d3 Nge7 8. Nc3
O-O 9. h3 Rb8 10. g4 f5 11. Qe1 Nd4 12. Nxd4 cxd4 13. Ne2 b5 14. Bd2 Bb7 15.
Ng3 Qd7 16. Rc1 Kh8 17. Qe2 Ba8 18. Rfe1 fxg4 19. hxg4 Rf7 20. Rf1 Rbf8 21. Bh3
g5 22. fxg5 Ng6 23. Rxf7 Rxf7 24. Rf1 d5 25. Rxf7 Qxf7 26. Qf2 Qc7 27. Nh5 dxe4
28. dxe4 Bxe4 29. Nxg7 Qxg7 30. Bb4 e5 31. Bg2 Bxg2 32. Qxg2 Qd7 33. Qe4 Kg7
34. Kh2 Qc7 35. Kg3 Qf7 36. Qf5 Qd5 37. b3 Qc6 38. Ba3 e4 39. Bc5 Qc7+ 40. Kf2
e3+ 41. Kf1 e2+ 42. Kxe2 Qh2+ 43. Kd3 Qg3+ 44. Kxd4 Qe1 45. Qd7+ Kg8 46. Qd5+
Kg7 47. Qb7+ Kg8 48. Qa8+ Kg7 49. Qxa7+ Kg8 50. Qb8+ Kg7 51. Qc7+ Kg8 52. Qd8+
Kg7 53. Qf6+ Kg8 54. Kd5 Qh1+ 55. Kd6 Qh2+ 56. Kc6 Qxc2 57. Kxb5 Qd3+ 58. Kb6
Qd2 59. a4 Qd3 60. b4 Qe4 61. Bd4 1-0

[Event "Mitropa Cup (Women) 4th"]
[Site "Szeged"]
[Date "2007.05.09"]
[Round "2"]
[White "Novak, Ksenija"]
[Black "Novosadova, Kristyna"]
[Result "1-0"]
[WhiteElo "2151"]
[BlackElo "2040"]
[PlyCount "77"]
[EventDate "2007.05.08"]
[EventType "team-tourn"]
[EventRounds "9"]
[EventCountry "HUN"]
[Source "ChessBase"]
[SourceDate "2007.07.04"]

1. e4 e5 2. Nf3 Nc6 3. Nc3 Nf6 4. g3 Nxe4 5. Nxe4 d5 6. Nc3 d4 7. Nb5 a6 8. Na3
e4 9. Ng1 Bxa3 10. bxa3 d3 11. cxd3 exd3 12. Bg2 Qd4 13. Rb1 O-O 14. Bb2 Re8+
15. Kf1 Qd6 16. Qb3 Be6 17. Qc3 f6 18. Nf3 Bxa2 19. Re1 Re6 20. Re3 Rd8 21. Ng5
Rxe3 22. fxe3 Qd7 23. Nf3 Qg4 24. Kf2 Qh5 25. Rf1 Bd5 26. Kg1 Rd6 27. Qc1 Rd7
28. Qe1 Qe8 29. Qf2 Na5 30. Bc3 Nc4 31. a4 c5 32. Nh4 Bxg2 33. Qxg2 b5 34. axb5
axb5 35. Qc6 Qe7 36. Nf5 Qe8 37. Nxg7 Qf7 38. Nf5 b4 39. Nh6+ 1-0

[Event "Mitropa Cup (Women) 4th"]
[Site "Szeged"]
[Date "2007.05.09"]
[Round "2"]
[White "Rudolf, Anna"]
[Black "Papp, Petra"]
[Result "1/2-1/2"]
[WhiteElo "2301"]
[BlackElo "1926"]
[PlyCount "72"]
[EventDate "2007.05.08"]
[EventType "team-tourn"]
[EventRounds "9"]
[EventCountry "HUN"]
[Source "ChessBase"]
[SourceDate "2007.07.04"]

1. e4 c5 2. Nf3 Nc6 3. d4 cxd4 4. Nxd4 d5 5. Bb5 dxe4 6. Nc3 Bd7 7. Bxc6 Bxc6
8. Nxc6 Qxd1+ 9. Kxd1 bxc6 10. Nxe4 e5 11. g4 Nf6 12. Nxf6+ gxf6 13. Ke2 h5 14.
f3 Bh6 15. h4 Bxc1 16. Raxc1 Ke7 17. Rcg1 Rag8 18. Kf2 Ke6 19. Ke3 hxg4 20.
fxg4 f5 21. g5 Rh5 22. Rg2 f6 23. g6 f4+ 24. Ke4 f5+ 25. Kf3 Kf6 26. Rd2 Rxg6
27. Rd6+ Kg7 28. Rd7+ Kh6 29. Rc7 Rg3+ 30. Kf2 e4 31. Rxc6+ Kh7 32. Rc7+ Kg6
33. Rc6+ Kh7 34. Rc7+ Kg6 35. Rc6+ Kh7 36. Rc7+ Kg6 1/2-1/2

[Event "Mitropa Cup (Women) 4th"]
[Site "Szeged"]
[Date "2007.05.09"]
[Round "2"]
[White "Tanacs, Anna"]
[Black "Ignacz, Maria"]
[Result "0-1"]
[WhiteElo "1958"]
[BlackElo "2238"]
[PlyCount "158"]
[EventDate "2007.05.08"]
[EventType "team-tourn"]
[EventRounds "9"]
[EventCountry "HUN"]
[Source "ChessBase"]
[SourceDate "2007.07.04"]

1. Nf3 Nf6 2. d4 e6 3. c4 b6 4. g3 Bb7 5. Bg2 Be7 6. O-O O-O 7. Nc3 Na6 8. Re1
Ne4 9. a3 f5 10. Qc2 Bf6 11. e3 Qc8 12. b3 c5 13. Bb2 cxd4 14. exd4 Nc7 15.
Rac1 Ne8 16. Red1 Ng5 17. d5 e5 18. Ne2 Nxf3+ 19. Bxf3 Bg5 20. Rb1 d6 21. Nc3
Nf6 22. Bc1 Bxc1 23. Rbxc1 Qd7 24. Qe2 Rae8 25. Bg2 Bc8 26. Re1 Qf7 27. Qf3 Rd8
28. h3 Nd7 29. Nb5 Nc5 30. b4 e4 31. Qc3 Nd3 32. Nd4 Rde8 33. Rcd1 Nxe1 34.
Rxe1 Bd7 35. Qd2 Rc8 36. Rc1 Qf6 37. Ne2 Rc7 38. Bf1 Rfc8 39. Nd4 b5 40. Nc6
Bxc6 41. dxc6 Rxc6 42. Qd5+ Qf7 43. Qxb5 d5 44. c5 Rg6 45. c6 Rd6 46. Qb7 Qe8
47. Bb5 e3 48. c7 Qe6 49. Qxa7 f4 50. Re1 Rb6 51. Bd7 exf2+ 52. Kxf2 fxg3+ 53.
Kg2 Qxe1 54. Qxb6 Qe2+ 55. Kxg3 Qe5+ 56. Kg2 Rxc7 57. Qe6+ Qxe6 58. Bxe6+ Kf8
59. Bxd5 Ra7 60. b5 Rxa3 61. b6 Ra6 62. b7 Rb6 63. Kg3 Rb4 64. Be4 h6 65. Kf4
Ke7 66. Kf5 Rb6 67. h4 Kd7 68. b8=Q Rxb8 69. Kg6 Rb4 70. Bf5+ Ke7 71. h5 Kf8
72. Kh7 Kf7 73. Bg6+ Kf6 74. Bd3 Rg4 75. Be2 Rg5 76. Bd1 Kf5 77. Be2 Kf4 78.
Bd3 Rxh5 79. Kxg7 Rh1 0-1

[Event "Mitropa Cup (Women) 4th"]
[Site "Szeged"]
[Date "2007.05.09"]
[Round "2"]
[White "Toth, Lili"]
[Black "Exler, Veronika"]
[Result "1-0"]
[WhiteElo "2251"]
[BlackElo "1980"]
[PlyCount "75"]
[EventDate "2007.05.08"]
[EventType "team-tourn"]
[EventRounds "9"]
[EventCountry "HUN"]
[Source "ChessBase"]
[SourceDate "2007.07.04"]

1. e4 c6 2. d4 d5 3. Nc3 dxe4 4. Nxe4 Nf6 5. Nxf6+ gxf6 6. c3 Bf5 7. Ne2 Nd7 8.
Ng3 Bg6 9. h4 h5 10. Be2 Qa5 11. b4 Qd5 12. c4 Qe6 13. Be3 Nb6 14. Qb3 Bh6 15.
Bxh6 Rxh6 16. O-O f5 17. f4 Qf6 18. Rad1 Qxh4 19. d5 Qf6 20. dxc6 bxc6 21. Bf3
h4 22. Ne2 Bh5 23. c5 Bxf3 24. Rxf3 Nd5 25. b5 e6 26. bxc6 Rc8 27. Qb7 Qd8 28.
Nc3 Rc7 29. Qb3 Rxc6 30. Nxd5 exd5 31. Rxd5 Qc8 32. Qd3 Rhe6 33. Qd4 f6 34. Rd3
Kf7 35. Rd8 Qa6 36. Qd7+ Re7 37. Qxf5 Re1+ 38. Kh2 1-0

[Event "Mitropa Cup (Women) 4th"]
[Site "Szeged"]
[Date "2007.05.09"]
[Round "2"]
[White "Varholakova, Nikoleta"]
[Black "Purgar, Ivona"]
[Result "1-0"]
[WhiteElo "2180"]
[BlackElo "1975"]
[PlyCount "105"]
[EventDate "2007.05.08"]
[EventType "team-tourn"]
[EventRounds "9"]
[EventCountry "HUN"]
[Source "ChessBase"]
[SourceDate "2007.07.04"]

1. e4 c5 2. Nf3 d6 3. d4 cxd4 4. Qxd4 Nc6 5. Bb5 Bd7 6. Bxc6 Bxc6 7. Nc3 Nf6 8.
Bg5 e6 9. O-O Be7 10. Rfe1 O-O 11. Rad1 Qa5 12. b4 Qb6 13. b5 Be8 14. Rd3 Rc8
15. Be3 Nd7 16. Qb4 Nc5 17. Bxc5 Rxc5 18. a4 Qc7 19. Red1 Bf6 20. e5 Bxe5 21.
Nxe5 dxe5 22. Qb3 Rc4 23. R1d2 f5 24. Nd1 f4 25. Nb2 Re4 26. Rd1 Qf7 27. Nc4
Qg6 28. Nd6 Re2 29. Kf1 e4 30. Kxe2 exd3+ 31. Rxd3 Qh5+ 32. f3 Qe5+ 33. Kd2 Bg6
34. Nc4 Qc5 35. Rc3 Rd8+ 36. Kc1 Qd5 37. Kb2 a6 38. Na5 Qd7 39. bxa6 bxa6 40.
Qb6 Bf5 41. Nc6 Re8 42. Qxa6 e5 43. Qc4+ Kh8 44. a5 Be6 45. Qb5 Bd5 46. a6 Bxc6
47. Qxc6 Rb8+ 48. Kc1 Qd8 49. a7 Ra8 50. Qb7 h6 51. Rb3 Kh7 52. Qe4+ Kh8 53.
Qxe5 1-0

[Event "Mitropa Cup (Women) 4th"]
[Site "Szeged"]
[Date "2007.05.09"]
[Round "2"]
[White "Winkelmann, Elena"]
[Black "Kozma, Edit"]
[Result "1-0"]
[WhiteElo "2114"]
[BlackElo "2089"]
[PlyCount "97"]
[EventDate "2007.05.08"]
[EventType "team-tourn"]
[EventRounds "9"]
[EventCountry "HUN"]
[Source "ChessBase"]
[SourceDate "2007.07.04"]

1. d4 Nf6 2. c4 e6 3. Nf3 b6 4. a3 Ba6 5. Qc2 c5 6. e4 cxd4 7. e5 Ng8 8. Nxd4
Qc7 9. Bf4 d5 10. cxd5 Qxc2 11. Nxc2 Bxf1 12. Rxf1 exd5 13. Nc3 Ne7 14. O-O-O
Na6 15. Nxd5 Ng6 16. Rfe1 O-O-O 17. Bg3 h5 18. e6 h4 19. e7 Nxe7 20. Nxe7+ Bxe7
21. Rxe7 hxg3 22. hxg3 Rxd1+ 23. Kxd1 Rd8+ 24. Ke2 Rd7 25. Rxd7 Kxd7 26. b4 b5
27. Kd3 Nc7 28. Nd4 g6 29. Ke4 Kd6 30. g4 f6 31. f4 a6 32. g5 f5+ 33. Kd3 Nd5
34. g3 Nb6 35. Nf3 Nd7 36. Nh4 Nf8 37. Kd4 Ne6+ 38. Ke3 Nf8 39. Kf3 Kd5 40. g4
fxg4+ 41. Kxg4 Ke4 42. f5 gxf5+ 43. Nxf5 Ng6 44. Nd6+ Kd5 45. Nb7 Kc4 46. Kf5
Nh4+ 47. Kf6 Kb3 48. Nc5+ Kxa3 49. Nxa6 1-0

[Event "Mitropa Cup (Women) 4th"]
[Site "Szeged"]
[Date "2007.05.10"]
[Round "3"]
[White "Hoolt, Sarah"]
[Black "Berke, Ana"]
[Result "1/2-1/2"]
[WhiteElo "2226"]
[BlackElo "2072"]
[PlyCount "133"]
[EventDate "2007.05.08"]
[EventType "team-tourn"]
[EventRounds "9"]
[EventCountry "HUN"]
[Source "ChessBase"]
[SourceDate "2007.07.04"]

1. e4 c5 2. Nf3 Nc6 3. Bb5 g6 4. O-O Bg7 5. Re1 e5 6. d3 a6 7. Bxc6 dxc6 8. h3
Qe7 9. a4 b5 10. axb5 cxb5 11. Nc3 Bb7 12. Nd5 Qd6 13. c4 Ne7 14. Bd2 b4 15.
Qc1 O-O 16. Bh6 a5 17. b3 Bc6 18. Nh4 f6 19. Be3 Bd7 20. Qd1 Rfb8 21. Re2 f5
22. Nf3 Rf8 23. Rea2 Nc6 24. Kh2 f4 25. Bd2 h6 26. Qe2 Kh7 27. g3 fxg3+ 28.
fxg3 Rf7 29. Be3 Raf8 30. Rf1 Qe6 31. Qg2 Qd6 32. Raf2 Be6 33. Nd2 Nd4 34. Bxd4
exd4 35. Rxf7 Rxf7 36. Rxf7 Bxf7 37. Nf3 Be6 38. Nf4 Bd7 39. Qa2 Qa6 40. e5 a4
41. e6 Bxe6 42. Qxa4 Qxa4 43. bxa4 Bd7 44. a5 b3 45. a6 b2 46. Nd2 Bc6 47. Nd5
Be5 48. a7 Kg7 49. Nb6 Bc7 50. a8=Q Bxa8 51. Nxa8 Ba5 52. Nb1 Kf7 53. Kg2 Ke6
54. Kf3 Kd7 55. Ke4 Kc6 56. Ke5 Be1 57. g4 Bh4 58. Ke6 h5 59. Kf7 hxg4 60. hxg4
g5 61. Kf6 Kb7 62. Ke6 Kc6 63. Kf6 Kb7 64. Ke7 Bg3 65. Kd7 Bf4 66. Na3 Bg3 67.
Nb1 1/2-1/2

[Event "Mitropa Cup (Women) 4th"]
[Site "Szeged"]
[Date "2007.05.10"]
[Round "3"]
[White "Kozma, Edit"]
[Black "Tanacs, Anna"]
[Result "0-1"]
[WhiteElo "2089"]
[BlackElo "1958"]
[PlyCount "72"]
[EventDate "2007.05.08"]
[EventType "team-tourn"]
[EventRounds "9"]
[EventCountry "HUN"]
[Source "ChessBase"]
[SourceDate "2007.07.04"]

1. e4 c6 2. d4 d5 3. e5 Bf5 4. Nc3 e6 5. g4 Bg6 6. Nge2 h6 7. h4 c5 8. h5 Bh7
9. Be3 Nc6 10. Qd2 a6 11. f4 cxd4 12. Bxd4 Bb4 13. O-O-O Nge7 14. a3 Nxd4 15.
Nxd4 Bxc3 16. Qxc3 Rc8 17. Qb3 Nc6 18. Nxc6 Rxc6 19. Bd3 Bxd3 20. Qxd3 Rc4 21.
Rdf1 Qb6 22. Rhg1 Rxf4 23. Qc3 Rxf1+ 24. Rxf1 O-O 25. Qg3 Qd8 26. Kb1 Qg5 27.
c3 Rc8 28. Qf3 Rc7 29. Qe2 Rc4 30. Qf3 Qe7 31. b3 Re4 32. b4 Rxe5 33. Qf4 f6
34. Kb2 Qc7 35. Qf3 Qc4 36. Rf2 Qe4 0-1

[Event "Mitropa Cup (Women) 4th"]
[Site "Szeged"]
[Date "2007.05.10"]
[Round "3"]
[White "Machalova, Veronika"]
[Black "Hodova, Lucie"]
[Result "1/2-1/2"]
[WhiteElo "2178"]
[BlackElo "2074"]
[PlyCount "86"]
[EventDate "2007.05.08"]
[EventType "team-tourn"]
[EventRounds "9"]
[EventCountry "HUN"]
[Source "ChessBase"]
[SourceDate "2007.07.04"]

1. e4 c5 2. Nf3 d6 3. d4 cxd4 4. Nxd4 Nf6 5. Nc3 a6 6. Be3 e5 7. Nf3 Qc7 8. Bg5
Nbd7 9. a4 Be7 10. Nd2 h6 11. Bh4 g5 12. Bg3 Nc5 13. Bc4 Ne6 14. Bd5 Nf4 15.
Bxf4 gxf4 16. Bb3 Be6 17. Qf3 Qc5 18. Bd5 Rb8 19. Nb3 Qc8 20. Qd3 Nxd5 21. Nxd5
Bxd5 22. exd5 Qg4 23. g3 fxg3 24. hxg3 Rc8 25. Nd2 f5 26. c3 Kf7 27. Qe2 h5 28.
Qxg4 hxg4 29. Ke2 Kg6 30. Kd3 Bg5 31. Rad1 e4+ 32. Ke2 Rh3 33. Rhg1 Rch8 34.
Nb3 Bd8 35. Nd4 Bb6 36. Ne6 Kf6 37. Nf4 Rh2 38. Ng2 Ke5 39. b4 Rc8 40. a5 Ba7
41. Rc1 Kxd5 42. c4+ Ke5 43. Ne3 Ke6 1/2-1/2

[Event "Mitropa Cup (Women) 4th"]
[Site "Szeged"]
[Date "2007.05.10"]
[Round "3"]
[White "Newrkla, Katharina"]
[Black "Novak, Ksenija"]
[Result "0-1"]
[WhiteElo "2042"]
[BlackElo "2151"]
[PlyCount "63"]
[EventDate "2007.05.08"]
[EventType "team-tourn"]
[EventRounds "9"]
[EventCountry "HUN"]
[Source "ChessBase"]
[SourceDate "2007.07.04"]

1. e4 c5 2. Nf3 Nc6 3. d4 cxd4 4. Nxd4 g6 5. Nc3 Bg7 6. Be3 Nf6 7. Nxc6 bxc6 8.
e5 Ng8 9. f4 Nh6 10. Bd3 O-O 11. O-O d6 12. exd6 exd6 13. Be2 Nf5 14. Bf2 d5
15. Bf3 Qc7 16. Bc5 Re8 17. Re1 Ba6 18. Qd2 Qa5 19. Rxe8+ Rxe8 20. b4 Qc7 21.
Re1 Rxe1+ 22. Qxe1 Bd4+ 23. Bxd4 Nxd4 24. Qd2 Nxf3+ 25. gxf3 Qb6+ 26. Kg2 Qxb4
27. Qe3 Kf8 28. Qxa7 Qxc3 29. Qxa6 Qxc2+ 30. Kg3 d4 31. Qc8+ Kg7 32. Qd8 0-1

[Event "Mitropa Cup (Women) 4th"]
[Site "Szeged"]
[Date "2007.05.10"]
[Round "3"]
[White "Novosadova, Kristyna"]
[Black "Varholakova, Nikoleta"]
[Result "0-1"]
[WhiteElo "2040"]
[BlackElo "2180"]
[PlyCount "82"]
[EventDate "2007.05.08"]
[EventType "team-tourn"]
[EventRounds "9"]
[EventCountry "HUN"]
[Source "ChessBase"]
[SourceDate "2007.07.04"]

1. e4 d5 2. exd5 Nf6 3. Nf3 Nxd5 4. d4 Bf5 5. a3 e6 6. Be2 Be7 7. c4 Nf6 8. Nc3
O-O 9. O-O Ne4 10. Bd3 Nxc3 11. bxc3 Bxd3 12. Qxd3 Nd7 13. Rd1 Re8 14. Ra2 Bf6
15. Re2 c6 16. Bf4 Qa5 17. g4 Qxa3 18. g5 Bd8 19. Nh4 Ba5 20. Re3 Rad8 21. Qe2
g6 22. Rh3 e5 23. Bc1 Qb3 24. d5 Nb6 25. Nf5 e4 26. Ne3 cxd5 27. Ng4 e3 28.
Nf6+ Kf8 29. Nxh7+ Kg7 30. Bxe3 d4 31. Qf3 Qxd1+ 32. Qxd1 dxe3 33. Qf3 e2 34.
Qf6+ Kg8 35. Nf8 e1=Q+ 36. Kg2 Qe4+ 37. f3 Rd2+ 38. Kg3 Qe5+ 39. Qxe5 Rxe5 40.
Nh7 Nd7 41. Kf4 Bc7 0-1

[Event "Mitropa Cup (Women) 4th"]
[Site "Szeged"]
[Date "2007.05.10"]
[Round "3"]
[White "Papp, Petra"]
[Black "Horvath, Julia"]
[Result "0-1"]
[WhiteElo "1926"]
[BlackElo "2277"]
[PlyCount "144"]
[EventDate "2007.05.08"]
[EventType "team-tourn"]
[EventRounds "9"]
[EventCountry "HUN"]
[Source "ChessBase"]
[SourceDate "2007.07.04"]

1. e4 c5 2. Nf3 e6 3. d4 cxd4 4. Nxd4 Nf6 5. Nc3 a6 6. e5 Ng8 7. Be2 d5 8. exd6
Bxd6 9. O-O Nf6 10. Bg5 Be7 11. Qd2 e5 12. Nf3 Qxd2 13. Bxd2 Nc6 14. Rfe1 O-O
15. Bd3 Bd6 16. Ne4 Nxe4 17. Bxe4 f6 18. Bc3 Bg4 19. a3 Rfd8 20. h3 Be6 21.
Rad1 Bc5 22. Nd2 Rac8 23. Nb3 Bb6 24. Rxd8+ Rxd8 25. Bf3 Bd5 26. Bxd5+ Rxd5 27.
Kf1 Kf7 28. Re2 h5 29. Rd2 Ke6 30. Ke2 g6 31. f3 f5 32. Rxd5 Kxd5 33. Nd2 Bd8
34. Kd3 b5 35. b4 Bb6 36. Bb2 Bf2 37. Ke2 Bb6 38. Kd3 Bd8 39. Nb3 Bf6 40. Ke3
Bg5+ 41. Ke2 Be7 42. Kd3 Nd8 43. Bc1 Ne6 44. Be3 e4+ 45. fxe4+ fxe4+ 46. Kd2
Bf6 47. Kc1 Bc3 48. Nc5 Nxc5 49. Bxc5 a5 50. Kd1 axb4 51. axb4 Kc4 52. Be7 Bxb4
53. Bf6 Bc3 54. Be7 Bd4 55. g4 hxg4 56. hxg4 Kd5 57. Ke2 Ke5 58. Bg5 Bg1 59.
Kd2 Kd4 60. Bf6+ Kc4 61. Bg7 Bd4 62. Bf8 e3+ 63. Kd1 Kc3 64. Be7 Kc4 65. Ke2
Kc3 66. Kd1 Kb2 67. Bd6 Bc3 68. Bc5 e2+ 69. Kxe2 Kxc2 70. Ke3 b4 71. Bxb4 Bxb4
72. Ke4 g5 0-1

[Event "Mitropa Cup (Women) 4th"]
[Site "Szeged"]
[Date "2007.05.10"]
[Round "3"]
[White "Purgar, Ivona"]
[Black "Winkelmann, Elena"]
[Result "0-1"]
[WhiteElo "1975"]
[BlackElo "2114"]
[PlyCount "118"]
[EventDate "2007.05.08"]
[EventType "team-tourn"]
[EventRounds "9"]
[EventCountry "HUN"]
[Source "ChessBase"]
[SourceDate "2007.07.04"]

1. e4 c5 2. Nf3 e6 3. d4 cxd4 4. Nxd4 a6 5. Bd3 Qc7 6. O-O b5 7. Be3 Bb7 8. a3
Nf6 9. Nc3 d6 10. f4 Nbd7 11. Nb3 Be7 12. Qf3 O-O 13. Qg3 Kh8 14. Rad1 Rad8 15.
Kh1 Nc5 16. Nxc5 dxc5 17. e5 Nd5 18. Qh3 g6 19. Nxd5 Bxd5 20. c3 Bb3 21. Rd2
Rd7 22. Be4 Rxd2 23. Bxd2 Rd8 24. Be3 Bc4 25. Re1 Bd3 26. Qf3 a5 27. Bxd3 Rxd3
28. Qe4 c4 29. Qa8+ Kg7 30. Qe4 Bc5 31. Bxc5 Qxc5 32. Qe2 Qd5 33. Qf1 h5 34.
Kg1 Rd2 35. Re2 Qd3 36. Rxd2 Qxd2 37. Qb1 Qxf4 38. Qe1 a4 39. h3 g5 40. Qe2 g4
41. hxg4 hxg4 42. Qd1 g3 43. Qe1 Kg6 44. Qb1+ Qf5 45. Qe1 Qf2+ 46. Qxf2 gxf2+
47. Kxf2 Kf5 48. Kf3 Kxe5 49. Ke3 f5 50. g3 Kd6 51. Kf4 Kd5 52. Kf3 e5 53. Ke3
Ke6 54. Kf3 Kf6 55. g4 fxg4+ 56. Kxg4 Kg6 57. Kf3 Kf5 58. Ke3 e4 59. Ke2 Kf4
0-1

[Event "Mitropa Cup (Women) 4th"]
[Site "Szeged"]
[Date "2007.05.10"]
[Round "3"]
[White "Rozic, Vesna"]
[Black "Kopinits, Anna Christina"]
[Result "1/2-1/2"]
[WhiteElo "2246"]
[BlackElo "2198"]
[PlyCount "115"]
[EventDate "2007.05.08"]
[EventType "team-tourn"]
[EventRounds "9"]
[EventCountry "HUN"]
[Source "ChessBase"]
[SourceDate "2007.07.04"]

1. d4 Nf6 2. Nf3 e6 3. Bf4 b6 4. e3 Bb7 5. Nbd2 Be7 6. h3 d6 7. Bd3 Nbd7 8. O-O
h6 9. Bg3 O-O 10. Re1 c5 11. c3 Qc7 12. e4 Rfd8 13. Qe2 Nf8 14. Nh4 cxd4 15.
cxd4 Rac8 16. Nhf3 Qb8 17. Nh2 e5 18. d5 N6d7 19. Nb3 f5 20. exf5 Bxd5 21. Rad1
Qa8 22. f3 Nf6 23. Ng4 Nh5 24. Qf2 Nxg3 25. Qxg3 Bg5 26. Qf2 Nh7 27. h4 Bf6 28.
Be4 Bxe4 29. fxe4 Rc4 30. Qe2 Rdc8 31. g3 Qc6 32. Qd3 Be7 33. Qd5+ Qxd5 34.
Rxd5 h5 35. Nf2 Nf6 36. Rdd1 Rc2 37. Rc1 a5 38. Rxc2 Rxc2 39. Rb1 Re2 40. Kf1
Re3 41. Nd2 Rxg3 42. Nc4 Ng4 43. Nxg4 Rxg4 44. Re1 Rxh4 45. Kg2 d5 46. Nxb6
Rxe4 47. Rxe4 dxe4 48. Nc4 Bd8 49. Nxe5 Bc7 50. Nc4 Kf7 51. Ne3 g6 52. fxg6+
Kxg6 53. a3 Kf7 54. b4 axb4 55. axb4 Ke6 56. Nd1 Ke5 57. Nc3 Bb6 58. Nxe4
1/2-1/2

[Event "Mitropa Cup (Women) 4th"]
[Site "Szeged"]
[Date "2007.05.10"]
[Round "3"]
[White "Vajda, Szidonia"]
[Black "Rudolf, Anna"]
[Result "1-0"]
[WhiteElo "2407"]
[BlackElo "2301"]
[PlyCount "179"]
[EventDate "2007.05.08"]
[EventType "team-tourn"]
[EventRounds "9"]
[EventCountry "HUN"]
[Source "ChessBase"]
[SourceDate "2007.07.04"]

1. e4 e6 2. d4 d5 3. Nd2 c5 4. exd5 Qxd5 5. Ngf3 cxd4 6. Bc4 Qd6 7. O-O Nf6 8.
Nb3 Nc6 9. Nbxd4 Nxd4 10. Nxd4 a6 11. a4 Qc7 12. b3 Bd6 13. h3 O-O 14. Bb2 e5
15. Ne2 Bd7 16. Ng3 Rad8 17. Qe2 Rfe8 18. Rfe1 Qb8 19. Qf3 Bc6 20. Qf5 Qc8 21.
Qg5 h6 22. Qh4 Nd5 23. Bxd5 Bxd5 24. c4 Bc6 25. Qh5 Re6 26. Re3 Bc5 27. Re2 Bd4
28. Bxd4 exd4 29. Rd1 Qc7 30. Rd3 Qf4 31. Rxe6 fxe6 32. Qg6 Qf6 33. Qg4 e5 34.
h4 Rf8 35. f3 a5 36. Nh5 Qf7 37. f4 exf4 38. Rxd4 f3 39. Rf4 f2+ 40. Kxf2 Qe7
41. Rxf8+ Qxf8+ 42. Kg1 Qc5+ 43. Kh1 Qe5 44. Nf4 Qd4 45. Qc8+ Kh7 46. Qf5+ Kg8
47. Kh2 Qf2 48. Qg4 Qd4 49. Qc8+ Kh7 50. Qf5+ Kg8 51. h5 Qf2 52. Qg4 Bd7 53.
Qg3 Qc5 54. Nd5 Bc6 55. Qe5 Qf2 56. Qf4 Qe2 57. Qf5 Qe1 58. Nf4 Qh4+ 59. Nh3
Qe1 60. Qg4 Qe5+ 61. Nf4 Bd7 62. Qh4 Bf5 63. Qd8+ Kh7 64. Qd2 Bg4 65. Qd3+ Kh8
66. Qg3 Qf5 67. Kg1 Bxh5 68. Nxh5 Qxh5 69. Qb8+ Kh7 70. Qxb7 Qd1+ 71. Kf2 Qd2+
72. Kf3 h5 73. Qe4+ g6 74. Qe7+ Kg8 75. Qe3 Qc2 76. c5 Qf5+ 77. Kg3 Qd5 78. Qc3
Qg5+ 79. Kh2 h4 80. c6 Qf4+ 81. Kg1 Qc7 82. Qc4+ Kf8 83. Qe4 Qb6+ 84. Kh2 Kf7
85. Qc4+ Kg7 86. Qc3+ Kh6 87. c7 Qd6+ 88. Kg1 Qb6+ 89. Kh1 Qa6 90. Qc1+ 1-0

[Event "Mitropa Cup (Women) 4th"]
[Site "Szeged"]
[Date "2007.05.11"]
[Round "4"]
[White "Berke, Ana"]
[Black "Domany, Zsofia"]
[Result "0-1"]
[WhiteElo "2072"]
[BlackElo "2167"]
[PlyCount "120"]
[EventDate "2007.05.08"]
[EventType "team-tourn"]
[EventRounds "9"]
[EventCountry "HUN"]
[Source "ChessBase"]
[SourceDate "2007.07.04"]

1. e4 c5 2. Nf3 d6 3. d4 cxd4 4. Nxd4 Nf6 5. Nc3 a6 6. Be3 e6 7. g4 b5 8. g5
Nfd7 9. a3 Bb7 10. h4 Nb6 11. Qe2 Nc4 12. O-O-O Qa5 13. Nb3 Qc7 14. Qd3 Nd7 15.
f4 Ndb6 16. Bxb6 Qxb6 17. Rh3 O-O-O 18. f5 d5 19. fxe6 fxe6 20. Qd4 Qxd4 21.
Rxd4 e5 22. Rd1 d4 23. Bxc4 bxc4 24. Na5 Be7 25. Nxb7 Kxb7 26. Nd5 Bc5 27. Rf3
Rhf8 28. Rdf1 Rxf3 29. Rxf3 Rf8 30. Rxf8 Bxf8 31. c3 Kc6 32. Kd2 Bd6 33. h5 Kb5
34. g6 hxg6 35. hxg6 Ka4 36. Kc2 d3+ 37. Kc1 Bc5 38. Nc7 Be3+ 39. Kd1 Kb3 40.
Ne8 Bh6 41. Nd6 Bg5 42. a4 a5 43. Nf7 Bf4 44. Nd6 d2 45. Nf5 Kxb2 46. Nxg7 Kxc3
47. Ne6 Bh6 48. g7 Bxg7 49. Nxg7 Kd3 50. Ne6 c3 51. Nc5+ Kc4 52. Nd3 Kd4 53.
Nf2 Ke3 54. Ng4+ Kxe4 55. Ke2 Kd4 56. Ne3 d1=Q+ 57. Nxd1 c2 58. Kd2 cxd1=Q+ 59.
Kxd1 Kc3 60. Ke2 Kb4 0-1

[Event "Mitropa Cup (Women) 4th"]
[Site "Szeged"]
[Date "2007.05.11"]
[Round "4"]
[White "Horvath, Julia"]
[Black "Vajda, Szidonia"]
[Result "1/2-1/2"]
[WhiteElo "2277"]
[BlackElo "2407"]
[PlyCount "42"]
[EventDate "2007.05.08"]
[EventType "team-tourn"]
[EventRounds "9"]
[EventCountry "HUN"]
[Source "ChessBase"]
[SourceDate "2007.07.04"]

1. d4 d5 2. Nf3 c6 3. e3 Bf5 4. Bd3 Bxd3 5. Qxd3 e6 6. O-O Nf6 7. Nbd2 Nbd7 8.
e4 dxe4 9. Nxe4 Nxe4 10. Qxe4 Nf6 11. Qe2 Be7 12. h3 O-O 13. c4 c5 14. Rd1 cxd4
15. Rxd4 Qb6 16. Bg5 h6 17. Bh4 Rfd8 18. Rad1 Rxd4 19. Rxd4 Rd8 20. Rxd8+ Qxd8
21. Bg3 Qa5 1/2-1/2